Cambridge vocabulary for IELTS Classroom vocabulary practice
Đã lưu trong:
| 主要作者: | |
|---|---|
| 格式: | 圖書 |
| 語言: | English |
| 出版: |
New York
Cambridge University Press
2008
|
| 主題: | |
| 標簽: |
添加標簽
沒有標簽, 成為第一個標記此記錄!
|
| Thư viện lưu trữ: | Trung tâm Học liệu Lê Vũ Hùng, Trường Đại học Đồng Tháp |
|---|
| LEADER | 01878pam a22002898a 4500 | ||
|---|---|---|---|
| 001 | 00030450 | ||
| 005 | 20171026081025.0 | ||
| 008 | 130315s2008 ||||||engsd | ||
| 020 | # | # | |a 9780521709767 |
| 041 | 0 | # | |a eng |
| 082 | 1 | 4 | |a 428 |b C104V |
| 100 | 1 | # | |a Cullen, Pauline |
| 245 | 1 | 0 | |a Cambridge vocabulary for IELTS |b Classroom vocabulary practice |c Pauline Cullen |
| 260 | # | # | |a New York |b Cambridge University Press |c 2008 |
| 300 | # | # | |a 148 p. |b ill. |c 25 cm. |
| 653 | # | # | |a Anh ngữ thực hành |
| 653 | # | # | |a IELTS |
| 653 | # | # | |a Từ vựng |
| 653 | # | # | |a Tiếng Anh |
| 852 | # | # | |b Kho giáo trình |j KGT.0035617, KGT.0035618, KGT.0035619, KGT.0035620, KGT.0035621, KGT.0035622, KGT.0035623, KGT.0035624, KGT.0035625, KGT.0035626, KGT.0035627, KGT.0035628, KGT.0035629, KGT.0035630, KGT.0035631, KGT.0035632, KGT.0035633, KGT.0035634, KGT.0035635, KGT.0035636, KGT.0035637, KGT.0035638, KGT.0035639, KGT.0035640, KGT.0035641, KGT.0035642, KGT.0035643, KGT.0036826, KGT.0036827, KGT.0036828, KGT.0036829, KGT.0036830, KGT.0036831, KGT.0036832, KGT.0036833, KGT.0036834, KGT.0036835, KGT.0036836, KGT.0036837 |
| 852 | # | # | |b Kho mượn |j KGT.0036826 |
| 852 | # | # | |b Kho đọc |j KD.0014452 |
| 852 | # | # | |j KGT.0035618 |j KGT.0035619 |j KGT.0035621 |j KGT.0035622 |j KGT.0035626 |j KGT.0035627 |j KGT.0035629 |j KGT.0035630 |j KGT.0035632 |j KGT.0035635 |j KGT.0035637 |j KGT.0035639 |j KGT.0035640 |j KD.0014452 |j KGT.0036827 |j KGT.0036828 |j KGT.0036829 |j KGT.0036830 |j KGT.0036834 |j KGT.0036835 |j KGT.0036837 |j KGT.0035624 |j KGT.0035625 |j KGT.0035633 |j KGT.0035634 |j KGT.0035642 |j KGT.0035643 |j KGT.0036833 |j KGT.0035617 |j KGT.0035620 |j KGT.0035623 |j KGT.0035628 |j KGT.0035631 |j KGT.0035636 |j KGT.0035638 |j KGT.0035641 |j KGT.0036826 |j KGT.0036831 |j KGT.0036832 |j KGT.0036836 |
| 910 | |d 15/03/2013 | ||
| 980 | # | # | |a Trung tâm Học liệu Lê Vũ Hùng, Trường Đại học Đồng Tháp |


